KOHA-Header-6

Information Systems in Organization (Improving Business Processes) (Record no. 6051)

000 -LEADER
fixed length control field 00309nam a2200109Ia 4500
008 - FIXED-LENGTH DATA ELEMENTS--GENERAL INFORMATION
fixed length control field 190906s9999||||xx |||||||||||||| ||und||
100 ## - MAIN ENTRY--PERSONAL NAME
Personal name Geoffrey Darnton
245 #0 - TITLE STATEMENT
Title Information Systems in Organization (Improving Business Processes)
260 ## - PUBLICATION, DISTRIBUTION, ETC. (IMPRINT)
Place of publication, distribution, etc New york
Name of publisher, distributor, etc Prentice Hall
Date of publication, distribution, etc 1996
300 ## - PHYSICAL DESCRIPTION
Extent 441
942 ## - ADDED ENTRY ELEMENTS (KOHA)
Koha item type Books
Holdings
Withdrawn status Lost status Damaged status Not for loan Collection code Permanent Location Current Location Shelving location Date acquired Full call number Barcode Date last seen Price effective from Koha item type
        Management MAJU MAJU   2019-09-06 658.848 3666 2019-09-06 2019-09-06 Management

Powered by Koha